00532nam a2200193Ia 450000500170000000800410001702000120005804000190007004100120008908200160010124500650011726000260018230000190020844000380022765000160026565100180028170000290029985000100032820240801100317.0131103s9999 xx 000 0 und d a2070537 aLoreto College aEnglish a822.33bWIL aLamb's tales from Shakespearecedited by C Kingsley Williams aLondonbLongmanc1989 a124p.b illls. aLongman Simplified English Series aShakespeare aEnglish drama aWilliams, C Kingsley;ed. aLCBED